Normal view
MARC view
- Jafri, Mubasshar Hassan
Entry Personal Name
001 - CONTROL NUMBER
- control field: 124282
003 - CONTROL NUMBER IDENTIFIER
- control field: NUST
005 - DATE AND TIME OF LATEST TRANSACTION
- control field: 20240709161809.0
008 - FIXED-LENGTH DATA ELEMENTS
- fixed length control field: 240709|| aca||aabn | a|a d
040 ## - CATALOGING SOURCE
- Original cataloging agency: NUST
- Transcribing agency: NUST
100 ## - HEADING--PERSONAL NAME
- Personal name: Jafri, Mubasshar Hassan
670 ## - SOURCE DATA FOUND
- Source citation: Work cat.: (NUST): Jafri, Mubasshar Hassan, Role of Youth Movement in Conflict: Case Study of Pakistani Young Doctors/
